书目信息 |
| 题名: |
基础药理学
|
|
| 作者: | 叶雨文 , 卞如濂 主编 | |
| 分册: | ||
| 出版信息: | 杭州 浙江人民出版社 1979 |
|
| 页数: | 357页 | |
| 开本: | 26cm | |
| 丛书名: | ||
| 单 册: | ||
| 中图分类: | R96 | |
| 科图分类: | ||
| 主题词: | 药理学 | |
| 电子资源: | ||
| ISBN: | ||
| 000 | 00624nam0 2200229 45 | |
| 001 | 0179008581 | |
| 005 | 20060419160915.01 | |
| 010 | @dCNY2.61 | |
| 091 | @aCN@b14221.1 | |
| 100 | @a19950811d1979 em y0chiy0121 ea | |
| 101 | 0 | @achi |
| 102 | @aCN@b330000 | |
| 105 | @ay z 000yy | |
| 200 | 10 | @a基础药理学@Aji chu yao li xue@f叶雨文,卞如濂主编@Fye yu wen,bian ru lian zhu bian |
| 210 | @a杭州@c浙江人民出版社@d1979 | |
| 215 | @a357页@d26cm | |
| 606 | @a药理学 | |
| 690 | @aR96@v3 | |
| 701 | 0 | @a叶雨文@Aye yu wen@4主编 |
| 701 | 0 | @a卞如濂@Abian ru lian@4主编 |
| 801 | 0 | @aCN@bTSSF@c20060419 |
| 905 | @a10447@dR96@e4 | |
| 基础药理学/叶雨文,卞如濂主编.-杭州:浙江人民出版社,1979 |
| 357页;26cm |
| ISBN :CNY2.61 |
| ● |
| 相关链接 |
|
|
|
|
正题名:基础药理学
索取号:R96/4
 
预约/预借
| 序号 | 登录号 | 条形码 | 馆藏地/架位号 | 状态 | 备注 |
| 1 | 0041549 | 001699111 | 密集书库/ [索取号:R96/4] | 在馆 | |
| 2 | 0041550 | 001699077 | 密集书库/ [索取号:R96/4] | 在馆 |